| 000 | 04410nam a22002897a 4500 | ||
|---|---|---|---|
| 001 | 3595 | ||
| 003 | FISKH | ||
| 005 | 20250530114443.0 | ||
| 008 | 240321b cb ||||| |||| 00| 0 eng d | ||
| 020 | _a9789995054496 | ||
| 040 |
_aFISKH _bkhr _cFISKH _dFISKH |
||
| 050 | _aPZ7 | ||
| 082 | _a323.09 | ||
| 100 | _aBrigitte Labbe | ||
| 245 |
_aម៉ាកតាំង លូធ័រ ឃីង / _cនិពន្ធដោយ Brigitt Labbe និង Michel Puech ; រូបភាពដោយ Jean-Pierre Joblin |
||
| 250 | _aការបោះពុម្ពផ្សាយជាភាសាខ្មែរ នៅឆ្នាំ ២០១០ | ||
| 260 |
_aPhnom Penh : _bSipar, _c2003 |
||
| 300 |
_a44 pages : _bcolor illustrations ; _c20 cm |
||
| 520 | _aលោកម៉ាទីន ឡូតធឺ ឃីង (ថ្ងៃទី១៥ ខែមករា ឆ្នាំ១៩២៩ ដល់ ថ្ងៃទី៤ ខែមេសា ឆ្នាំ១៩៦៨) គឺជា អ្នកបួសមួយរូប ជនជាតិអាមេរិចកាំង, ជាអ្នកសកម្មនិយម និង ជាអ្នកដឹកនាំ ដ៏ពូកែ ក្នុងចលនាទាមទាសិទ្ឋិ ប្រជាពលរដ្ធ នៃជនជាតិអាមេរិចកាំង, ជាតិអាហ្រ្វិក។ ស្នាដៃ ដ៏សំខាន់បំផុត របស់លោកម៉ាទីន ឡូតធឺ ឃីងនោះ គឺកាពង្រឹង យ៉ាងមាំមួន ចំពោះដំនើរការទៅលើសិទ្ឋិសេរីភាព របស់ប្រជាពលរដ្ធ នៅក្នុងសហរដ្ធអាមេរិក ហើយ គាត់បានក្លាយ ជានិមិត្តរូបមួយនៃសិទ្ឋិមនុស្ស ហើយចំពោះ លោក ឃីង គឺត្រូវបានទទួលស្គាល់ជាអ្នក ដែលទទួលរងទុក្ខជាច្រើន ដោយព្រះវិហារនៃគ្រិស្តសាសនិក។ លោក ឃីងក្លាយជាសកម្មនិយមមុនគេបង្អស់ក្នុងការទាមទាសិទ្ឋិ អោយប្រជាពលរដ្ឋនៅក្នុងកិច្ចការងារ របស់លោក។ គាត់បានដឹកនៃក្រុម Montgomery Bus Boycott ក្នុងឆ្នាំ១៩៥៥ ហើយ បានជួយ បង្កើតការ ប្រជុំចំពោះ ភាពជាអ្នកដឹកនាំរបស់គ្រិស្តសាសនិកភាគ ខាងត្បូងក្នុង ឆ្នាំ១៩៥៧ ហើយ បានជួយបម្រើដូចជាប្រធានាធិបតីទីមួយ។ ការខំប្រឹងប្រែងរបស់លោក ឃីង គឺដឹកនាំនៅក្នុងទីក្រុងវ៉ាស៊ីនតោនខែមីន ឆ្នាំ១៩៦៣ និងជាកន្លែងដែលលោក ឃីង អោយនូវពាក្យសំដីរបស់គាត់ គឺ៖ ខ្ញុំមានក្តីសង្ឃឹម។ | ||
| 520 | _aMartin Luther King, Jr. (January 15, 1929 - April 4, 1968) was an American clergyman, activist, and prominent figure in the national civil rights movement. American, African. Martin Luther King, Jr.'s most important work was to strengthen the process of civil liberties in the United States and he has become a symbol of human rights, and for King is recognized as one of the many victims of the Christian church. King became the first activist to demand the rights of the people in his work. He led the Montgomery Bus Boycott in 1955, helped organize the Southern Christian Leadership Conference in 1957, and served as first president. King's efforts were directed in Washington, DC, March 1963, and where King gave his words: I have hope. | ||
| 650 | _aអ្នកប្រឆាំងបែបអហិង្សារ | ||
| 650 | _aNonviolent Opposition | ||
| 700 |
_aPuech, Michel. _eAuthor |
||
| 700 |
_aJoblin, Jean-Pierre. _eIllustrator |
||
| 942 |
_2ddc _cKHB _n0 |
||
| 999 |
_c3595 _d3595 |
||